[Event "Fredericia"]
[Site "Fredericia"]
[Date "2025.05.30"]
[Round "4"]
[White "Farokhi, Keyvan"]
[Black "Collin, Moritz Valentin"]
[Result "1-0"]
[WhiteElo "2344"]
[BlackElo "2250"]
[PlyCount "81"]
[EventDate "2025.05.28"]
[EventType "tourn"]
[EventRounds "9"]
[EventCountry "DEN"]
[EventCategory "3"]
[SourceTitle "CB23_2025"]
[SourceDate "2025.06.04"]
[SourceVersion "1"]
[SourceVersionDate "2025.06.04"]
[SourceQuality "1"]

1. d4 Nf6 2. c4 e6 3. Nc3 Bb4 4. e3 0-0 5. Bd2 b6 6. Nf3 d5 7. cxd5 exd5 8. Rc1 Be7 9. Bd3 Bb7 10. 0-0 c5 11. Ne5 Nc6 12. Be1 a6 13. Ne2 Re8 14. Ng3 Bf8 15. f4 Rc8 16. Bc3 b5 17. a3 c4 18. Bb1 a5 19. Qf3 b4 20. axb4 axb4 21. Be1 Ba6 22. Nh5 Ne4 23. Qg4 Rc7 24. Bxe4 dxe4 25. Bh4 Qc8 26. Nf6+ Kh8 27. Nxe8 Qxe8 28. d5 Na5 29. Rfd1 Bd6 30. Ra1 Rc5 31. Qd7 Qxd7 32. Nxd7 Rb5 33. Bd8 Bc8 34. Ne5 Bxe5 35. fxe5 Nb3 36. Ra8 Bb7 37. Rb8 h5 38. Bb6+ Kh7 39. Rxb7 c3 40. bxc3 bxc3 41. Rc7 1-0

[Event "Fredericia"]
[Site "Fredericia"]
[Date "2025.05.29"]
[Round "2"]
[White "Farokhi, Keyvan"]
[Black "Mattenberger, Matthias"]
[Result "1/2-1/2"]
[WhiteElo "2344"]
[BlackElo "2286"]
[PlyCount "62"]
[EventDate "2025.05.28"]
[EventType "tourn"]
[EventRounds "9"]
[EventCountry "DEN"]
[EventCategory "3"]
[SourceTitle "CB23_2025"]
[SourceDate "2025.06.04"]
[SourceVersion "1"]
[SourceVersionDate "2025.06.04"]
[SourceQuality "1"]

1. e4 c5 2. Nf3 d6 3. d4 cxd4 4. Nxd4 Nf6 5. Nc3 a6 6. f4 e5 7. Nb3 b5 8. fxe5 dxe5 9. Qxd8+ Kxd8 10. Be3 Nbd7 11. 0-0-0 Kc7 12. Be2 Bb4 13. Rd3 Bb7 14. Rf1 Rhf8 15. a3 Be7 16. Bf3 Rad8 17. g4 h6 18. Nd5+ Nxd5 19. exd5 Bg5 20. Bxg5 hxg5 21. Rc3+ Kb6 22. a4 Rc8 23. a5+ Ka7 24. Rxc8 Rxc8 25. Nd2 Nc5 26. Ne4 Nxe4 27. Bxe4 f6 28. Rd1 Kb8 29. Bf5 Rd8 30. d6 Bc6 31. h3 Kb7 1/2-1/2

[Event "Basel Christmas op"]
[Site "Basel"]
[Date "2024.12.27"]
[Round "2"]
[White "Farokhi, Keyvan"]
[Black "Kappeler, Kaspar"]
[Result "1-0"]
[WhiteElo "2338"]
[BlackElo "2124"]
[PlyCount "69"]
[EventDate "2024.12.26"]
[EventType "swiss"]
[EventRounds "7"]
[EventCountry "SUI"]
[SourceTitle "CB01_2025"]
[SourceDate "2025.01.01"]
[SourceVersion "1"]
[SourceVersionDate "2025.01.01"]
[SourceQuality "1"]

1. e4 c5 2. Nf3 e6 3. c3 d5 4. e5 d4 5. d3 Bd7 6. g3 Bc6 7. Bg2 Ne7 8. 0-0 h6 9. Na3 dxc3 10. bxc3 Nd5 11. Bb2 Be7 12. Nd2 0-0 13. Ne4 Nd7 14. Qe2 N7b6 15. Rae1 Qc7 16. f4 Rfd8 17. g4 f5 18. exf6 Nxf6 19. c4 Nxe4 20. Bxe4 Bf6 21. Bxc6 Qxc6 22. Bxf6 gxf6 23. g5 hxg5 24. fxg5 f5 25. Rf3 Rd7 26. Rh3 Rg7 27. Rh5 Nd7 28. h4 f4 29. Rh6 Nf8 30. Rf1 Ng6 31. Nb5 Rf8 32. Qh5 e5 33. Nc3 f3 34. Nd5 e4 35. Rxg6 1-0

[Event "Bayern-chI Bank Hofmann 27th"]
[Site "Gmund am Tegernsee"]
[Date "2024.10.31"]
[Round "6"]
[White "Karthik, Venkataraman"]
[Black "Farokhi, Keyvan"]
[Result "1-0"]
[WhiteElo "2581"]
[BlackElo "2320"]
[PlyCount "145"]
[EventDate "2024.10.26"]
[EventType "swiss"]
[EventRounds "9"]
[EventCountry "GER"]
[SourceTitle "CB45_2024"]
[Source "ChessBase"]
[SourceDate "2024.11.06"]
[SourceVersion "1"]
[SourceVersionDate "2024.11.06"]
[SourceQuality "1"]

1. d4 Nf6 2. Bf4 d5 3. e3 e6 4. Nf3 Bd6 5. Ne5 0-0 6. Bd3 b6 7. Qe2 Bb7 8. Nd2 Nbd7 9. h4 c5 10. c3 Qc7 11. Ndf3 Ne4 12. Nxd7 Qxd7 13. Rd1 cxd4 14. Bxd6 Qxd6 15. exd4 Qf4 16. g3 Qf6 17. Ng5 e5 18. Bxe4 dxe4 19. d5 Rfd8 20. c4 b5 21. 0-0 bxc4 22. Qxe4 g6 23. Rd2 Rac8 24. Rfd1 Rc5 25. Nf3 Qd6 26. Qxe5 Qxe5 27. Nxe5 Kg7 28. Rd4 Rcxd5 29. Nf3 Rxd4 30. Nxd4 Kf6 31. Rd2 Be4 32. f4 Rc8 33. Nb5 Rc5 34. Nc3 Bd3 35. Kf2 Kf5 36. Kf3 h5 37. Rd1 Ke6 38. Re1+ Kd7 39. Ke3 Rc6 40. b4 a5 41. bxa5 Ra6 42. Kd4 Rxa5 43. Re5 Ra3 44. Rb5 Ke6 45. Re5+ Kf6 46. Rc5 Ke6 47. Rb5 Kf6 48. Nd5+ Kg7 49. Rb2 Bf5 50. Nc3 Be6 51. Re2 Bg4 52. Re3 Be6 53. Kc5 Kf8 54. Kb4 Ra8 55. a4 Ke8 56. Re5 Kd7 57. a5 Kc7 58. Rc5+ Kb8 59. Rc6 Ra7 60. Nb5 Rb7 61. Rb6 Ka8 62. Rxb7 Kxb7 63. Nd6+ Kc6 64. Nxc4 f6 65. a6 Bg8 66. Kc3 Kc5 67. a7 Bd5 68. Ne3 Be4 69. f5 g5 70. hxg5 fxg5 71. f6 Kd6 72. Kd4 Ba8 73. Nd5 1-0

[Event "Bayern-chI Bank Hofmann 27th"]
[Site "Gmund am Tegernsee"]
[Date "2024.10.29"]
[Round "4"]
[White "Stremavicius, Titas"]
[Black "Farokhi, Keyvan"]
[Result "1-0"]
[WhiteElo "2541"]
[BlackElo "2320"]
[PlyCount "71"]
[EventDate "2024.10.26"]
[EventType "swiss"]
[EventRounds "9"]
[EventCountry "GER"]
[SourceTitle "CB45_2024"]
[Source "ChessBase"]
[SourceDate "2024.11.06"]
[SourceVersion "1"]
[SourceVersionDate "2024.11.06"]
[SourceQuality "1"]

1. Nf3 Nf6 2. c4 e6 3. g3 d5 4. Bg2 Be7 5. 0-0 0-0 6. d4 dxc4 7. Na3 Bxa3 8. bxa3 b5 9. a4 a6 10. Ba3 Re8 11. Ne5 Nd5 12. e4 Ne7 13. Qh5 Ng6 14. Rad1 Bb7 15. axb5 axb5 16. Nxg6 hxg6 17. Qxb5 Bxe4 18. Bxe4 Rxa3 19. d5 Qd7 20. Qxc4 Qa4 21. Bd3 Qxc4 22. Bxc4 exd5 23. Rxd5 c6 24. Rd6 Rc3 25. Bb3 Na6 26. Rfd1 Rf8 27. R1d4 Nc5 28. Bc4 Rc8 29. Rd8+ Rxd8 30. Rxd8+ Kh7 31. Bxf7 Rf3 32. Bg8+ Kh6 33. Bc4 Rc3 34. Bf7 Rf3 35. h4 Kh5 36. Bc4 1-0

[Event "Bayern-chI Bank Hofmann 27th"]
[Site "Gmund am Tegernsee"]
[Date "2024.10.28"]
[Round "3"]
[White "Farokhi, Keyvan"]
[Black "Hund, Sarah"]
[Result "1-0"]
[WhiteElo "2320"]
[BlackElo "2008"]
[PlyCount "51"]
[EventDate "2024.10.26"]
[EventType "swiss"]
[EventRounds "9"]
[EventCountry "GER"]
[SourceTitle "CB45_2024"]
[Source "ChessBase"]
[SourceDate "2024.11.06"]
[SourceVersion "1"]
[SourceVersionDate "2024.11.06"]
[SourceQuality "1"]

1. Nf3 d5 2. e3 Nf6 3. c4 e6 4. b3 Be7 5. Bb2 0-0 6. Nc3 c5 7. cxd5 Nxd5 8. Qc2 Nc6 9. Be2 b6 10. h4 Bf6 11. g4 Ncb4 12. Qb1 g6 13. g5 Bh8 14. Ne4 f5 15. gxf6 Nxf6 16. h5 Nxe4 17. Bxh8 Kxh8 18. Qxe4 Qd5 19. Qg4 Nc2+ 20. Kd1 e5 21. Qg3 Ba6 22. hxg6 Bxe2+ 23. Kxe2 Rxf3 24. Qh2 Nd4+ 25. Kd1 Qb7 26. Qxe5+ 1-0

[Event "GER-chT Lands U20"]
[Site "Tuebingen"]
[Date "2024.10.05"]
[Round "6"]
[White "Farokhi, Keyvan"]
[Black "Windmueller, Simon"]
[Result "1-0"]
[WhiteElo "2306"]
[BlackElo "2052"]
[PlyCount "47"]
[EventDate "2024.10.03"]
[EventType "team-swiss"]
[EventRounds "7"]
[EventCountry "GER"]
[SourceTitle "CB47_2024"]
[SourceDate "2024.11.20"]
[SourceVersion "1"]
[SourceVersionDate "2024.11.20"]
[SourceQuality "1"]

1. d4 Nf6 2. c4 g6 3. Nc3 d5 4. Bf4 Bg7 5. e3 0-0 6. cxd5 Nxd5 7. Nxd5 Qxd5 8. Bxc7 Na6 9. Bxa6 Qxg2 10. Qf3 Qxf3 11. Nxf3 bxa6 12. Rc1 Bb7 13. Ke2 Rac8 14. Rc5 f6 15. Rhc1 Rf7 16. d5 Bf8 17. Nd4 h5 18. Ne6 Rh7 19. e4 g5 20. Ba5 Rb8 21. R1c3 h4 22. Rb3 g4 23. Bc7 g3 24. fxg3 1-0

[Event "GER-chT Lands U20"]
[Site "Tuebingen"]
[Date "2024.10.05"]
[Round "5"]
[White "Karle, Sam"]
[Black "Farokhi, Keyvan"]
[Result "0-1"]
[WhiteElo "2124"]
[BlackElo "2306"]
[PlyCount "42"]
[EventDate "2024.10.03"]
[EventType "team-swiss"]
[EventRounds "7"]
[EventCountry "GER"]
[SourceTitle "CB47_2024"]
[SourceDate "2024.11.20"]
[SourceVersion "1"]
[SourceVersionDate "2024.11.20"]
[SourceQuality "1"]

1. e4 e5 2. Nf3 Nc6 3. Bb5 a6 4. Ba4 f5 5. d4 exd4 6. e5 b5 7. Bb3 Na5 8. Nxd4 Nxb3 9. axb3 Bb7 10. Nxf5 d6 11. exd6 Qd7 12. Ne3 Bxd6 13. 0-0 Nf6 14. c4 0-0 15. Nc3 Rae8 16. c5 Bxc5 17. Qxd7 Nxd7 18. Nc2 b4 19. Na4 Bd6 20. Be3 Bd5 21. Ne1 Rxe3 0-1

[Event "GER-chT Lands U20"]
[Site "Tuebingen"]
[Date "2024.10.03"]
[Round "2"]
[White "Nechitailo, Nikita"]
[Black "Farokhi, Keyvan"]
[Result "1/2-1/2"]
[WhiteElo "2252"]
[BlackElo "2306"]
[PlyCount "108"]
[EventDate "2024.10.03"]
[EventType "team-swiss"]
[EventRounds "7"]
[EventCountry "GER"]
[SourceTitle "CB47_2024"]
[SourceDate "2024.11.20"]
[SourceVersion "1"]
[SourceVersionDate "2024.11.20"]
[SourceQuality "1"]

1. d4 Nf6 2. c4 e6 3. Nc3 Bb4 4. e3 0-0 5. Bd2 d5 6. Nf3 b6 7. cxd5 exd5 8. Bd3 Bd6 9. Ne5 c5 10. 0-0 Ba6 11. Be1 Bxd3 12. Qxd3 c4 13. Qf5 Qc8 14. Qxc8 Rxc8 15. f3 Bb4 16. Bh4 Bxc3 17. bxc3 Nbd7 18. Nxd7 Nxd7 19. e4 Re8 20. exd5 Re3 21. Rfe1 Rae8 22. Rxe3 Rxe3 23. Kf2 Re8 24. Rb1 f6 25. Bg3 Kf7 26. Bd6 Rc8 27. a4 f5 28. Be5 a6 29. g4 fxg4 30. fxg4 g6 31. Kg3 Re8 32. Rf1+ Kg8 33. Re1 b5 34. axb5 axb5 35. Rb1 Nxe5 36. Re1 Rd8 37. Rxe5 Kf7 38. d6 b4 39. Re7+ Kf6 40. cxb4 Rxd6 41. Rxh7 Rxd4 42. h4 c3 43. Rc7 Rxb4 44. g5+ Ke6 45. Rxc3 Kf7 46. Rf3+ Kg7 47. Rf4 Rb6 48. Rd4 Rb5 49. Kf4 Ra5 50. Ke4 Rb5 51. Rd5 Rb4+ 52. Ke5 Rxh4 53. Rd7+ Kg8 54. Kf6 Ra4 1/2-1/2

[Event "EU-ch U18"]
[Site "Prague"]
[Date "2024.08.26"]
[Round "5"]
[White "Farokhi, Keyvan"]
[Black "Ribeiro, Gustavo"]
[Result "1/2-1/2"]
[WhiteElo "2307"]
[BlackElo "2183"]
[PlyCount "119"]
[EventDate "2024.08.22"]
[EventType "swiss"]
[EventRounds "9"]
[EventCountry "CZE"]
[SourceTitle "CBM 221 Extra"]
[Source "ChessBase"]
[SourceDate "2024.09.30"]
[SourceVersion "1"]
[SourceVersionDate "2024.09.30"]
[SourceQuality "1"]

1. d4 Nf6 2. Nf3 e6 3. Bg5 d5 4. e3 h6 5. Bh4 c5 6. c3 Nc6 7. Nbd2 Qb6 8. Qc2 Bd7 9. Rc1 cxd4 10. exd4 Rc8 11. Qb1 Ne4 12. Nxe4 dxe4 13. Nd2 f5 14. Bg3 Qd8 15. f3 Be7 16. fxe4 Bg5 17. Rd1 0-0 18. Bd3 Bxd2+ 19. Rxd2 Qg5 20. Bd6 fxe4 21. Bxf8 exd3 22. Bd6 Na5 23. Qxd3 Nc4 24. Bg3 Nxd2 25. Qxd2 Qf5 26. Rf1 Qe4+ 27. Kf2 Rf8+ 28. Kg1 Rxf1+ 29. Kxf1 Qb1+ 30. Kf2 Qxa2 31. Be5 Qb1 32. h3 Bc6 33. Kg3 b5 34. Kh2 Qf1 35. Qc2 Kf7 36. b3 Bd5 37. c4 bxc4 38. bxc4 Bc6 39. d5 exd5 40. cxd5 Bxd5 41. Qc7+ Ke8 42. Qxg7 Qf5 43. Bd6 Qe4 44. Bc5 a5 45. Qf8+ Kd7 46. Qd6+ Ke8 47. Qb8+ Kd7 48. Qg3 a4 49. Ba3 Kc6 50. Bf8 h5 51. Ba3 Kb5 52. Qb8+ Bb7 53. Qg3 Bd5 54. Bd6 Kc6 55. Bf8 Kb5 56. Qg5 Kc6 57. Qc1+ Kd7 58. Qd2 Qe5+ 59. Kg1 Qa1+ 60. Kh2 1/2-1/2

[Event "EU-ch U18"]
[Site "Prague"]
[Date "2024.08.25"]
[Round "4"]
[White "Levin, Guy"]
[Black "Farokhi, Keyvan"]
[Result "1-0"]
[WhiteElo "2436"]
[BlackElo "2307"]
[PlyCount "51"]
[EventDate "2024.08.22"]
[EventType "swiss"]
[EventRounds "9"]
[EventCountry "CZE"]
[SourceTitle "CBM 221 Extra"]
[Source "ChessBase"]
[SourceDate "2024.09.30"]
[SourceVersion "1"]
[SourceVersionDate "2024.09.30"]
[SourceQuality "1"]

1. Nf3 Nf6 2. g3 g6 3. Bg2 Bg7 4. c4 c6 5. 0-0 0-0 6. d4 d5 7. a4 a5 8. cxd5 cxd5 9. Nc3 Nc6 10. Bf4 Bf5 11. Nb5 Rc8 12. Rc1 Qb6 13. Qb3 Be4 14. Bh3 Bxf3 15. exf3 e6 16. Bd6 Rfd8 17. Bc5 Qa6 18. Qe3 Ne8 19. Rc3 Nc7 20. Rfc1 b6 21. Be7 Nxe7 22. Rxc7 Rxc7 23. Rxc7 Bf6 24. Bxe6 Qa8 25. Qf4 Kg7 26. Rxe7 1-0

[Event "EU-ch U18"]
[Site "Prague"]
[Date "2024.08.23"]
[Round "2"]
[White "Rozen, Eytan"]
[Black "Farokhi, Keyvan"]
[Result "1/2-1/2"]
[WhiteElo "2478"]
[BlackElo "2307"]
[PlyCount "141"]
[EventDate "2024.08.22"]
[EventType "swiss"]
[EventRounds "9"]
[EventCountry "CZE"]
[SourceTitle "CBM 221 Extra"]
[Source "ChessBase"]
[SourceDate "2024.09.30"]
[SourceVersion "1"]
[SourceVersionDate "2024.09.30"]
[SourceQuality "1"]

1. c4 e6 2. Nf3 Nf6 3. b3 d5 4. Bb2 Be7 5. e3 0-0 6. Nc3 c5 7. cxd5 exd5 8. d4 Nc6 9. Be2 Bg4 10. dxc5 Bxc5 11. 0-0 a6 12. h3 Bh5 13. Na4 Ba7 14. Bxf6 Qxf6 15. Qxd5 Bg6 16. Qg5 Qxg5 17. Nxg5 Rfd8 18. Rac1 Nb4 19. Rfd1 Rxd1+ 20. Rxd1 h6 21. Nf3 Nxa2 22. Rd2 Nb4 23. Ne5 b5 24. Nc3 Bf5 25. Nd5 Nxd5 26. Rxd5 Be6 27. Rd6 Bc5 28. Rc6 Be7 29. Bf3 Rc8 30. Rxa6 Bxb3 31. Rb6 Bc4 32. Rb7 Bd6 33. Nc6 g6 34. g3 Kg7 35. Kg2 Rc7 36. Rb6 Bc5 37. Rb8 Rd7 38. Ne5 Rd2 39. Kg1 Bd6 40. Nxc4 bxc4 41. Rc8 Rc2 42. Be4 Rc1+ 43. Kg2 c3 44. Rc6 Be5 45. f4 Bb8 46. Kf2 h5 47. Bd5 Rd1 48. Bb3 Rc1 49. h4 c2 50. Bxc2 Ba7 51. Ke2 Rg1 52. Rc7 Bb6 53. Rc6 Ba7 54. Kf3 Re1 55. Rc3 Bb6 56. Bb3 Rf1+ 57. Ke2 Rg1 58. Kf2 Rb1 59. Rd3 Bc5 60. Bd5 Bb4 61. Kf3 Rb2 62. Ke4 Be1 63. Ra3 f5+ 64. Ke5 Rb8 65. Ra7+ Kh6 66. Bf7 Rf8 67. e4 fxe4 68. Kxe4 Bxg3 69. f5 gxf5+ 70. Kf3 Bxh4 71. Ra6+ 1/2-1/2

[Event "Dortmund Sparkassen op-A 51st"]
[Site "Dortmund"]
[Date "2024.08.15"]
[Round "6"]
[White "Gallas, Noel"]
[Black "Farokhi, Keyvan"]
[Result "0-1"]
[WhiteElo "2053"]
[BlackElo "2307"]
[PlyCount "54"]
[EventDate "2024.08.10"]
[EventType "swiss"]
[EventRounds "9"]
[EventCountry "GER"]
[SourceTitle "CBM 221 Extra"]
[Source "ChessBase"]
[SourceDate "2024.09.30"]
[SourceVersion "1"]
[SourceVersionDate "2024.09.30"]
[SourceQuality "1"]

1. e4 c6 2. d4 d5 3. Nd2 dxe4 4. Nxe4 Bf5 5. Ng3 Bg6 6. Nf3 Nd7 7. h4 h6 8. h5 Bh7 9. Bd3 Bxd3 10. Qxd3 e6 11. Bd2 Ngf6 12. 0-0-0 Be7 13. Kb1 Qb6 14. Ne4 Rd8 15. Ka1 0-0 16. Nxf6+ Nxf6 17. Qe2 c5 18. dxc5 Bxc5 19. Ne5 Rd5 20. Bc3 Rfd8 21. Nc4 Qa6 22. b3 Ne4 23. Bb2 Nxf2 24. Rxd5 exd5 25. Qe5 Bb4 26. Qc7 Re8 27. Ne5 Re7 0-1

[Event "Dortmund Sparkassen op-A 51st"]
[Site "Dortmund"]
[Date "2024.08.14"]
[Round "5"]
[White "Farokhi, Keyvan"]
[Black "Sokolovsky, Yahli"]
[Result "0-1"]
[WhiteElo "2307"]
[BlackElo "2522"]
[PlyCount "80"]
[EventDate "2024.08.10"]
[EventType "swiss"]
[EventRounds "9"]
[EventCountry "GER"]
[SourceTitle "CBM 221 Extra"]
[Source "ChessBase"]
[SourceDate "2024.09.30"]
[SourceVersion "1"]
[SourceVersionDate "2024.09.30"]
[SourceQuality "1"]

1. e4 c5 2. Nf3 d6 3. d4 cxd4 4. Nxd4 Nf6 5. Nc3 a6 6. Be3 e5 7. Nb3 Be6 8. f3 h5 9. Qd2 Nbd7 10. Nd5 Bxd5 11. exd5 g6 12. Be2 Bg7 13. 0-0 b6 14. c4 h4 15. Rae1 Nh5 16. f4 Nxf4 17. Bxf4 exf4 18. Qxf4 0-0 19. Qxd6 Be5 20. Qb4 Qc7 21. h3 Nc5 22. Nxc5 bxc5 23. Qd2 Bd4+ 24. Kh1 Rae8 25. Rf3 Qe5 26. Rff1 Kg7 27. a4 Be3 28. Qd1 Qg3 29. Rf3 Qd6 30. Ref1 Bg5 31. b4 Qe7 32. Bd3 cxb4 33. Qa1+ Kg8 34. Qd4 f5 35. c5 Be3 36. Qxb4 Bxc5 37. Qc3 Bd6 38. Bxa6 Bb8 39. Bb5 Qd6 40. Kg1 Qh2+ 0-1

[Event "Dortmund Sparkassen op-A 51st"]
[Site "Dortmund"]
[Date "2024.08.11"]
[Round "2"]
[White "Farokhi, Keyvan"]
[Black "Goldinov, Daniel"]
[Result "1/2-1/2"]
[WhiteElo "2307"]
[BlackElo "1989"]
[PlyCount "90"]
[EventDate "2024.08.10"]
[EventType "swiss"]
[EventRounds "9"]
[EventCountry "GER"]
[SourceTitle "CBM 221 Extra"]
[Source "ChessBase"]
[SourceDate "2024.09.30"]
[SourceVersion "1"]
[SourceVersionDate "2024.09.30"]
[SourceQuality "1"]

1. e4 c5 2. Nf3 e6 3. d4 cxd4 4. Nxd4 Nc6 5. Nc3 Qc7 6. Be3 a6 7. Qf3 Nf6 8. 0-0-0 Ne5 9. Qg3 b5 10. f4 Neg4 11. Bg1 h5 12. e5 b4 13. Na4 Nd5 14. h3 Nh6 15. f5 Be7 16. Kb1 0-0 17. Bd3 h4 18. Qe1 exf5 19. Nxf5 Nxf5 20. Bxf5 Bb7 21. Bd4 Qa5 22. b3 Bc6 23. Qe2 Bxa4 24. Qh5 g6 25. Bxg6 fxg6 26. Qxg6+ Kh8 27. e6+ Bf6 28. e7 Nc3+ 29. Kb2 Nxd1+ 30. Rxd1 Bxd4+ 31. Rxd4 Qe5 32. exf8Q+ Rxf8 33. Qh6+ Kg8 34. Qxh4 Bc6 35. a3 a5 36. Ka2 Rf5 37. Qd8+ Kf7 38. Rh4 Qg7 39. Rh8 Re5 40. Qh4 Be4 41. Rd8 Re7 42. Qf4+ Kg6 43. Qg3+ Kf7 44. Qf4+ Kg6 45. Rb8 bxa3 1/2-1/2

[Event "GER-ch U18"]
[Site "Willingen"]
[Date "2024.05.22"]
[Round "5"]
[White "Heinrich, John"]
[Black "Farokhi, Keyvan"]
[Result "1-0"]
[WhiteElo "2279"]
[BlackElo "2301"]
[PlyCount "79"]
[EventDate "2024.05.19"]
[EventType "swiss"]
[EventRounds "9"]
[EventCountry "GER"]
[SourceTitle "CBM 220 Extra"]
[Source "ChessBase"]
[SourceDate "2024.07.31"]
[SourceVersion "1"]
[SourceVersionDate "2024.07.31"]
[SourceQuality "1"]

1. e4 e5 2. Nf3 Nc6 3. Bb5 a6 4. Ba4 Nf6 5. 0-0 Nxe4 6. d4 Be7 7. Qe2 b5 8. Bb3 d5 9. dxe5 Na5 10. Rd1 Be6 11. Nbd2 Nc5 12. c3 Ncxb3 13. Nxb3 c5 14. Nxa5 Qxa5 15. Bg5 h6 16. Bxe7 Kxe7 17. Ne1 Qb6 18. Nd3 Rac8 19. Qe3 Rhd8 20. b4 d4 21. cxd4 cxd4 22. Qg3 Kf8 23. Nc5 a5 24. a3 Rxc5 25. bxc5 Qxc5 26. Qh4 Rd7 27. Qe4 a4 28. Rac1 Bc4 29. Qh7 Qxa3 30. Qh8+ Ke7 31. Qxg7 d3 32. Ra1 Qc5 33. Qxh6 Bb3 34. Rac1 Bc2 35. h4 Rd4 36. Qf6+ Kd7 37. h5 Qd5 38. h6 Qe6 39. h7 Qxf6 40. exf6 1-0

[Event "GER-ch U18"]
[Site "Willingen"]
[Date "2024.05.21"]
[Round "4"]
[White "Farokhi, Keyvan"]
[Black "Rempe, Jonas"]
[Result "1-0"]
[WhiteElo "2301"]
[BlackElo "2169"]
[PlyCount "73"]
[EventDate "2024.05.19"]
[EventType "swiss"]
[EventRounds "9"]
[EventCountry "GER"]
[SourceTitle "CBM 220 Extra"]
[Source "ChessBase"]
[SourceDate "2024.07.31"]
[SourceVersion "1"]
[SourceVersionDate "2024.07.31"]
[SourceQuality "1"]

1. d4 f5 2. Bg5 d5 3. e3 Nf6 4. Bxf6 exf6 5. c4 Bb4+ 6. Nc3 Be6 7. Qb3 Nc6 8. a3 dxc4 9. Bxc4 Bxc4 10. Qxc4 Be7 11. Nge2 Qd7 12. 0-0-0 0-0-0 13. Kb1 Rhe8 14. h4 Na5 15. Qd3 c5 16. Qc2 c4 17. d5 Kb8 18. Nd4 g6 19. h5 Bd6 20. hxg6 hxg6 21. Ne6 Rc8 22. Rh6 Be5 23. Rxg6 Nb3 24. Rg7 Qd6 25. Nd4 Bxd4 26. exd4 Qf4 27. Ka2 Nxd4 28. Qa4 Nb3 29. Qb5 Nc5 30. d6 a6 31. Qb6 Rc6 32. Rxb7+ Nxb7 33. Qxc6 Rd8 34. d7 Qxf2 35. Qxa6 Qxg2 36. Nb5 Qf2 37. Rd4 1-0

[Event "BL2-Nord 2324"]
[Site "Germany"]
[Date "2024.02.25"]
[Round "8.6"]
[White "Farokhi, Keyvan"]
[Black "Ertan, Can"]
[Result "0-1"]
[WhiteElo "2274"]
[BlackElo "2353"]
[PlyCount "64"]
[EventDate "2023.10.21"]
[EventType "team-tourn"]
[EventRounds "10"]
[EventCountry "GER"]
[SourceTitle "EXT 2025"]
[Source "ChessBase"]
[SourceDate "2024.10.14"]
[SourceVersion "1"]
[SourceVersionDate "2024.10.14"]
[SourceQuality "1"]
[WhiteTeam "Kiel Turm II"]
[BlackTeam "St Pauli"]
[WhiteTeamCountry "GER"]
[BlackTeamCountry "GER"]

1. e4 e5 2. Nf3 Nc6 3. Bb5 a6 4. Ba4 Nf6 5. 0-0 Nxe4 6. d4 b5 7. Bb3 d5 8. dxe5 Be6 9. Qe2 Bc5 10. Be3 0-0 11. Rd1 Na5 12. Bxc5 Nxc5 13. Qe3 Ncb7 14. Nbd2 c5 15. c3 Bf5 16. Qf4 Bg6 17. Rac1 c4 18. Bc2 Nc5 19. Ne1 Bxc2 20. Rxc2 Ne6 21. Qe3 d4 22. cxd4 Qxd4 23. Qa3 Nc6 24. Nef3 Qg4 25. h3 Qg6 26. Rcc1 Nf4 27. Nh4 Qh5 28. Ndf3 Ne2+ 29. Kh1 Nxc1 30. Rd6 Nxe5 31. g4 Nxg4 32. hxg4 Qxg4 0-1

[Event "Rilton Cup 51st"]
[Site "Stockholm"]
[Date "2024.01.05"]
[Round "9"]
[White "Eggleston, David"]
[Black "Farokhi, Keyvan"]
[Result "1/2-1/2"]
[WhiteElo "2353"]
[BlackElo "2298"]
[PlyCount "104"]
[EventDate "2023.12.27"]
[EventType "swiss"]
[EventRounds "9"]
[EventCountry "SWE"]
[SourceTitle "CBM 218 Extra"]
[Source "ChessBase"]
[SourceDate "2024.03.31"]
[SourceVersion "1"]
[SourceVersionDate "2024.03.31"]
[SourceQuality "1"]

1. e4 c6 2. d4 d5 3. e5 c5 4. dxc5 e6 5. Nf3 Bxc5 6. Bd3 Ne7 7. a3 a6 8. b4 Ba7 9. 0-0 Nbc6 10. Bb2 Ng6 11. c4 d4 12. Re1 Bb8 13. Bxg6 hxg6 14. b5 Na5 15. Qd3 axb5 16. cxb5 Qd5 17. Nbd2 Rh5 18. Re4 Bd7 19. a4 Ba7 20. Bxd4 Rc8 21. Qe3 Nc4 22. Nxc4 Rxc4 23. Re1 Bxd4 24. Rxd4 Rxd4 25. Qxd4 Qxd4 26. Nxd4 Rh4 27. Rd1 Re4 28. a5 Rxe5 29. a6 bxa6 30. b6 Bc8 31. Nc6 Rd5 32. Rxd5 exd5 33. Na5 Kd8 34. b7 Bxb7 35. Nxb7+ Kc7 36. Nc5 Kb6 37. Nd3 Kb5 38. Kf1 a5 39. Ke2 a4 40. Kd2 Kc4 41. Kc2 f6 42. h4 a3 43. Nc1 d4 44. f3 g5 45. hxg5 fxg5 46. Kd2 d3 47. g3 g4 48. fxg4 g5 49. Na2 Kb3 50. Kxd3 Kxa2 51. Kc2 Ka1 52. Kc1 a2 1/2-1/2

[Event "Rilton Cup 51st"]
[Site "Stockholm"]
[Date "2024.01.03"]
[Round "7"]
[White "Arpita, Mukherjee"]
[Black "Farokhi, Keyvan"]
[Result "0-1"]
[WhiteElo "2160"]
[BlackElo "2298"]
[PlyCount "118"]
[EventDate "2023.12.27"]
[EventType "swiss"]
[EventRounds "9"]
[EventCountry "SWE"]
[SourceTitle "CBM 218 Extra"]
[Source "ChessBase"]
[SourceDate "2024.03.31"]
[SourceVersion "1"]
[SourceVersionDate "2024.03.31"]
[SourceQuality "1"]

1. e4 c5 2. Nf3 e6 3. d4 cxd4 4. Nxd4 Nf6 5. Nc3 Nc6 6. Ndb5 Bc5 7. Bf4 0-0 8. Bd6 Qb6 9. Bxc5 Qxc5 10. Qd6 Qb6 11. Qc7 Qc5 12. Qd6 Qb6 13. Qc7 d5 14. Qxb6 axb6 15. exd5 exd5 16. 0-0-0 Rd8 17. f3 d4 18. Ne2 Rxa2 19. Kb1 Ra4 20. b3 Rb4 21. Nc1 d3 22. Rxd3 Nd5 23. c4 Rxb5 24. cxb5 Ncb4 25. g4 Be6 26. Kb2 Nxd3+ 27. Bxd3 Nc7 28. Re1 h5 29. h3 Rd5 30. Re2 Kf8 31. Be4 Rd1 32. Bxb7 Nxb5 33. Kc2 Rh1 34. Rd2 Rxh3 35. gxh5 Rxh5 36. Kb2 Ke7 37. Nd3 Nd6 38. Bc6 g5 39. Kc3 Rh4 40. Ra2 Nc8 41. Bb7 Kd6 42. Rg2 f6 43. Re2 Na7 44. Nf2 Nb5+ 45. Kb2 f5 46. Rd2+ Rd4 47. Rxd4+ Nxd4 48. Nh3 Nxf3 49. Bxf3 g4 50. Bg2 gxh3 51. Bxh3 f4 52. Bf1 Ke5 53. Kc3 Ke4 54. Kb4 Bd7 55. Kc4 f3 56. b4 f2 57. b5 Be6+ 58. Kc3 Ke3 59. Bg2 Bg4 0-1

[Event "Rilton Cup 51st"]
[Site "Stockholm"]
[Date "2023.12.29"]
[Round "3"]
[White "Rempe, Jonas"]
[Black "Farokhi, Keyvan"]
[Result "0-1"]
[WhiteElo "2150"]
[BlackElo "2298"]
[PlyCount "54"]
[EventDate "2023.12.27"]
[EventType "swiss"]
[EventRounds "9"]
[EventCountry "SWE"]
[SourceTitle "CBM 218 Extra"]
[Source "ChessBase"]
[SourceDate "2024.03.31"]
[SourceVersion "1"]
[SourceVersionDate "2024.03.31"]
[SourceQuality "1"]

1. e4 c6 2. d4 d5 3. exd5 cxd5 4. Bd3 Nc6 5. c3 Qc7 6. h3 Nf6 7. Nf3 g6 8. 0-0 Bf5 9. Re1 Bg7 10. Bf1 0-0 11. Na3 Rfe8 12. Nb5 Qb6 13. Bf4 Rac8 14. Ne5 a6 15. g4 Be6 16. Nxc6 Rxc6 17. a4 axb5 18. Bxb5 h5 19. g5 Nd7 20. Bxc6 Qxc6 21. h4 Bf5 22. Re3 e5 23. dxe5 Bxe5 24. Qe2 Be4 25. Bxe5 Nxe5 26. f3 Nc4 27. fxe4 Qc5 0-1